Online
Catalog

Las clases sociales de la revolución francesa / (Record no. 23008)

MARC details
000 -CABECERA
campo de control de longitud fija 00950nam a2200277 a 4500
001 - NÚMERO DE CONTROL
campo de control 000023512
005 - FECHA Y HORA DE LA ÚLTIMA TRANSACCIÓN
campo de control 20250530112058.0
008 - DATOS DE LONGITUD FIJA--INFORMACIÓN GENERAL
campo de control de longitud fija 101210s1971 sp 000 0 spa d
040 ## - FUENTE DE LA CATALOGACIÓN
Centro catalogador/agencia de origen DO-SdBNP
Lengua de catalogación spa
Centro/agencia transcriptor BNPHU
041 17 - CÓDIGO DE LENGUA
Código de lengua del texto/banda sonora o título independiente spa
Código de lengua original fre
082 ## - NÚMERO DE LA CLASIFICACIÓN DECIMAL DEWEY
Número de clasificación 944.07
Número de documento/Ítem S677c
100 1# - ENTRADA PRINCIPAL--NOMBRE DE PERSONA
Nombre de persona Soboul, Albert.
9 (RLIN) 48458
245 14 - MENCIÓN DE TÍTULO
Título Las clases sociales de la revolución francesa /
Mención de responsabilidad, etc. Albert Soboul ; traducción Valentina y Eugenio Fernández Vargas.
260 ## - PUBLICACIÓN, DISTRIBUCIÓN, ETC.
Lugar de publicación, distribución, etc. Madrid :
Nombre del editor, distribuidor, etc. Fundamentos,
Fecha de publicación, distribución, etc. 1971.
300 ## - DESCRIPCIÓN FÍSICA
Extensión 230 p. ;
Dimensiones 19 cm.
490 1# - MENCIÓN DE SERIE
Mención de serie Ciencia
Designación de volumen o secuencia 6
490 1# - MENCIÓN DE SERIE
Mención de serie Historia
534 ## - NOTA SOBRE LA VERSIÓN ORIGINAL
Encabezamiento principal del original [Título original] :
Mención de título del original Paysans, sans-culottes et jaboins
650 #4 - PUNTO DE ACCESO ADICIONAL DE MATERIA--TÉRMINO DE MATERIA
Término de materia o nombre geográfico como elemento de entrada Clases sociales
Subdivisión geográfica Francia
Fechas vigentes 1848-1850
9 (RLIN) 48459
650 #0 - PUNTO DE ACCESO ADICIONAL DE MATERIA--TÉRMINO DE MATERIA
Término de materia o nombre geográfico como elemento de entrada Conflicto social
9 (RLIN) 1974
650 #4 - PUNTO DE ACCESO ADICIONAL DE MATERIA--TÉRMINO DE MATERIA
Término de materia o nombre geográfico como elemento de entrada Materialismo dialéctico
9 (RLIN) 845
700 1# - PUNTO DE ACCESO ADICIONAL--NOMBRE DE PERSONA
Nombre de persona Fernández Vargas, Valentina,
Término indicativo de función/relación tr.
9 (RLIN) 44490
700 1# - PUNTO DE ACCESO ADICIONAL--NOMBRE DE PERSONA
Nombre de persona Fernández Vargas, Eugenio,
Término indicativo de función/relación tr.
9 (RLIN) 48460
830 #0 - PUNTO DE ACCESO ADICIONAL DE SERIE-TÍTULO UNIFORME
Título uniforme Ciencia
Número de parte o sección de la obra 6
9 (RLIN) 48461
830 #0 - PUNTO DE ACCESO ADICIONAL DE SERIE-TÍTULO UNIFORME
Título uniforme Historia
9 (RLIN) 2122
Holdings
Estado de retiro Estado de pérdida Restricciones de uso No para préstamo Código de colección Localización permanente Ubicación/localización actual Ubicación en estantería Fecha de adquisición Número de inventario Total de préstamos Signatura topográfica completa Código de barras Fecha visto por última vez Precio válido a partir de Tipo de ítem Koha Número de copia
      Excluido de préstamo Monografías: Libros y Folletos General General Depósito 10.12.2010 LF1   944.07 S677c 23512-10 25.06.2020 25.06.2020 No se presta  
      Excluido de préstamo Monografías: Libros y Folletos General General Depósito 06.06.2017 LF1   944.07 S677c 23512-20 25.06.2020 25.06.2020 No se presta e. 2
  Extraviado     Monografías: Libros y Folletos General General Extraviado 06.06.2017 LF1   944.07 S677c 23512-30 25.06.2020 25.06.2020 Préstamo en sala e. 3

Powered by Koha